| 000 | 00725nam a22002057a 4500 | ||
|---|---|---|---|
| 999 |
_c9770 _d9770 |
||
| 003 | AR-CdUCM | ||
| 008 | 190328b ||||| |||| 00| 0 spa d | ||
| 040 |
_aMUNICIPALIDAD PROVINCIAL DEL CUSCO _cBIBLIOTECA MUNICIPAL DEL CUSCO |
||
| 082 |
_22ed. _a548 / _bF39 / 1932 |
||
| 100 |
_aFernández Navarro, Lucas _926198 |
||
| 245 | _aCristalografía / | ||
| 260 |
_aMadrid : _bEspasa-Calpe, _c1932. |
||
| 300 |
_a287 páginas ; _bfiguras, _c15 cm. |
||
| 505 | _aContenido: Critalografía geométrica -- Cristalografía física -- Cristalografía geométrica -- Cristalografía química. | ||
| 650 |
_aCristalografía _926199 |
||
| 650 |
_aMineralogía _923644 |
||
| 650 |
_aQuímica _94512 |
||
| 942 |
_2ddc _cLIBROS |
||
| 945 | _aachl | ||